000 00955nji a22002177a 4500
005 20141030130128.0
007 cd
008 141030b xxu||||| |||| 00| 0 eng d
010 _advd-008319
024 _a9781593392949
_c499.00
040 _adpl
245 _aGuide to black history
_cEncyclopedia Britannica
260 _aN.Delhi
_c2007
270 _aA-41,Ground floor(L-2_ Mohan cooperative Ind.Estate,Main Mathura
_bN.Delhi
_dIndia
300 _adisc(cd)
500 _aForm a better understanding of black history with unique learning activities covering topics from slavery to sports.
521 _aMicrosoft* Windows*2000,xp,or Vista,128 MB RAM,325 MB free hard-drive space,CD-ROM drive.
650 _2A Tribute to the Lives and Events That Shaped History
942 _2ddc
_cCF
999 _c89740
_d89740